000 00700nam a22002417a 4500
003 DO-SdBPM
005 20250520095307.0
008 180216b20uu sp a 00| 0 spa d
020 _a8498060885
040 _a
_bspa
_cBPMSU
082 4 _a808.83
_bL697s
_222
245 0 3 _aEl libro de la selva /
_cilustraciones J.Busquets
260 _aMadrid :
_bTodolibro,
_c190-?.
300 _a16 p. :
_bil. ;
_c30 cm.
490 0 _aCuentos brillantes
500 _aLibro de pasta dura
590 _aInventariado, 2025/VM
650 4 _aCuentos infantiles
650 4 _aLibros ilustrados para niƱos
700 1 _aBusquets, J
_eilustraciones
910 _aVMateo V. Control de calidad. BPMSU
942 _2ddc
_cBK
999 _c13303
_d13303